[Event "Roskilde Domkirketurnering Mester 1996"]
[Site "Roskilde"]
[Date "1996.10.24"]
[Round "1"]
[White "Asmund, Gert"]
[Black "Nielsen, Jorgen Lovgren"]
[Result "1/2-1/2"]
[WhiteElo "2008"]
[BlackElo "2117"]
[PlyCount "47"]
[EventDate "1996.??.??"]

1. e4 e5 2. Nf3 Nc6 3. Bb5 Nf6 4. O-O Nxe4 5. Re1 Nd6 6. Nxe5 Be7 7. Bxc6 dxc6
8. d4 O-O 9. c3 Be6 10. Nd2 Nf5 11. Ne4 Qd5 12. Bf4 Rfd8 13. Qh5 g6 14. Qe2 Nh4
15. f3 Kg7 16. Ng5 Re8 17. Nxe6+ Qxe6 18. Ng4 Qxe2 19. Rxe2 h5 20. Ne5 Bd6 21.
Rae1 Nf5 22. Nd3 Rxe2 23. Rxe2 Kf8 24. Kf2 1/2-1/2

[Event "Roskilde Domkirketurnering Mester 1996"]
[Site "Roskilde"]
[Date "1996.10.24"]
[Round "1"]
[White "Lynge, Michael"]
[Black "Brekka, Hanus"]
[Result "1/2-1/2"]
[WhiteElo "2127"]
[BlackElo "1977"]
[PlyCount "61"]
[EventDate "1996.??.??"]

1. d4 e6 2. e4 d5 3. e5 c5 4. c3 Nc6 5. Nf3 Bd7 6. Be2 cxd4 7. cxd4 Nge7 8. O-O
Ng6 9. Nc3 Be7 10. a3 Rc8 11. Bd3 Na5 12. Bd2 Nc4 13. Rb1 a6 14. g3 Bf8 15. h4
Nxd2 16. Qxd2 Ne7 17. b4 Nf5 18. Rfc1 g6 19. Ne2 Rxc1+ 20. Nxc1 h5 21. Nb3 Bh6
22. Qe2 O-O 23. Nc5 Bc6 24. a4 Re8 25. b5 axb5 26. axb5 b6 27. bxc6 bxc5 28.
dxc5 Qc7 29. Rb6 Bg7 30. Bb5 Rb8 31. Rxb8+ 1/2-1/2

[Event "Roskilde Domkirketurnering Mester 1996"]
[Site "Roskilde"]
[Date "1996.10.24"]
[Round "1"]
[White "Madsen, Hans Henrik"]
[Black "Christensen, Lasse"]
[Result "1/2-1/2"]
[WhiteElo "2085"]
[BlackElo "2248"]
[PlyCount "74"]
[EventDate "1996.??.??"]

1. d4 f5 2. Qd3 d5 3. g4 fxg4 4. h3 g3 5. fxg3 Nf6 6. Nc3 Nc6 7. Nf3 g6 8. Bf4
Bf5 9. Qb5 Qd7 10. Ne5 Nxe5 11. Bxe5 c6 12. Qb3 Bh6 13. g4 Be6 14. Bg2 O-O 15.
O-O Rf7 16. Bf4 Nxg4 17. Bxh6 Nxh6 18. Rxf7 Nxf7 19. Nd1 Nd6 20. Nf2 Rf8 21.
Nd3 Bf5 22. Nc5 Qc8 23. e4 b6 24. exf5 bxc5 25. fxg6 hxg6 26. dxc5 Nf5 27. Re1
Qc7 28. c4 d4 29. Re6 Rf6 30. Rxf6 exf6 31. Qf3 Qe5 32. Qxc6 Qe3+ 33. Kh2 Qg3+
34. Kh1 Qe1+ 35. Kh2 Qg3+ 36. Kh1 Qe1+ 37. Kh2 Qg3+ 1/2-1/2

[Event "Roskilde Domkirketurnering Mester 1996"]
[Site "Roskilde"]
[Date "1996.10.24"]
[Round "1"]
[White "Molvig, Henrik"]
[Black "Pedersen, Jan Nordenbaek"]
[Result "1/2-1/2"]
[WhiteElo "2201"]
[BlackElo "2229"]
[PlyCount "38"]
[EventDate "1996.??.??"]

1. d4 Nf6 2. c4 g6 3. Nc3 Bg7 4. e4 d6 5. Nf3 O-O 6. Be2 e5 7. O-O Nc6 8. d5
Ne7 9. Ne1 Nd7 10. Be3 f5 11. f3 f4 12. Bf2 g5 13. a4 Rf6 14. Nd3 Rh6 15. c5
Qe8 16. cxd6 Qh5 17. h3 cxd6 18. Be1 Ng6 19. Nb5 Nc5 1/2-1/2

[Event "Roskilde Domkirketurnering Mester 1996"]
[Site "Roskilde"]
[Date "1996.10.31"]
[Round "2"]
[White "Brekka, Hanus"]
[Black "Asmund, Gert"]
[Result "1/2-1/2"]
[WhiteElo "1977"]
[BlackElo "2008"]
[PlyCount "67"]
[EventDate "1996.??.??"]

1. Nf3 Nf6 2. c4 c5 3. Nc3 Nc6 4. g3 e6 5. Bg2 Be7 6. O-O O-O 7. b3 b6 8. Bb2
Bb7 9. d3 d5 10. cxd5 exd5 11. Rc1 Re8 12. d4 Rb8 13. Nb1 Ne4 14. Nc3 Bf6 15.
e3 Ba6 16. Re1 Nb4 17. Bf1 Bxf1 18. Rxf1 Nxc3 19. Rxc3 Nxa2 20. Rc2 Nb4 21. Rc1
a5 22. Ba3 Rc8 23. Qd2 Qd7 24. Rfd1 Qf5 25. Ne1 cxd4 26. Rxc8 Rxc8 27. Bxb4
dxe3 28. fxe3 axb4 29. Qxb4 Qe6 30. Rd3 d4 31. exd4 Rc1 32. Kf2 Be7 33. Qd2 Bg5
34. Qe2 1/2-1/2

[Event "Roskilde Domkirketurnering Mester 1996"]
[Site "Roskilde"]
[Date "1996.10.31"]
[Round "2"]
[White "Christensen, Lasse"]
[Black "Pedersen, Jan Nordenbaek"]
[Result "1/2-1/2"]
[WhiteElo "2248"]
[BlackElo "2229"]
[PlyCount "43"]
[EventDate "1996.??.??"]

1. d4 Nf6 2. Nc3 c5 3. d5 e5 4. e4 d6 5. f4 exf4 6. Bxf4 Be7 7. Nf3 Bg4 8. Be2
O-O 9. O-O Ne8 10. e5 Nd7 11. exd6 Bxd6 12. Nd2 Bxe2 13. Qxe2 Bxf4 14. Rxf4 Nd6
15. Nde4 Qb6 16. Raf1 Nxe4 17. Nxe4 Rae8 18. Qh5 g6 19. Qh6 f5 20. Ng5 Re7 21.
Ne6 Rf6 22. Qg5 1/2-1/2

[Event "Roskilde Domkirketurnering Mester 1996"]
[Site "Roskilde"]
[Date "1996.10.31"]
[Round "2"]
[White "Nielsen, Jorgen Lovgren"]
[Black "Molvig, Henrik"]
[Result "0-1"]
[WhiteElo "2117"]
[BlackElo "2201"]
[PlyCount "62"]
[EventDate "1996.??.??"]

1. e4 c5 2. Nf3 d6 3. d4 cxd4 4. Nxd4 Nf6 5. Nc3 a6 6. Bg5 e6 7. f4 b5 8. Qf3
Bb7 9. Bd3 Qb6 10. O-O-O Nbd7 11. Nb3 b4 12. Ne2 Be7 13. Rhe1 O-O 14. Ng3 a5
15. Bxf6 Nxf6 16. Nd2 a4 17. Nc4 Qc7 18. Qf2 b3 19. Kb1 bxa2+ 20. Kxa2 d5 21.
Qb6 Qc8 22. Na5 dxe4 23. Qxb7 exd3 24. Rxd3 Rxa5 25. Qxe7 Nd5 26. Qa3 Qxc2 27.
Rd4 Rb8 28. Re2 Qc6 29. Ne4 Qb6 30. Rd1 Rb5 31. Rdd2 Nb4+ 0-1

[Event "Roskilde Domkirketurnering Mester 1996"]
[Site "Roskilde"]
[Date "1996.10.31"]
[Round "2"]
[White "Madsen, Hans Henrik"]
[Black "Lynge, Michael"]
[Result "1/2-1/2"]
[WhiteElo "2085"]
[BlackElo "2127"]
[PlyCount "24"]
[EventDate "1996.??.??"]

1. d4 d5 2. c4 e6 3. cxd5 exd5 4. Nc3 Nf6 5. Bg5 c6 6. Qc2 Be7 7. e3 Nbd7 8.
Bd3 O-O 9. Nge2 Re8 10. O-O-O Nf8 11. Bxf6 Bxf6 12. h4 Qa5 1/2-1/2

[Event "Roskilde Domkirketurnering Mester 1996"]
[Site "Roskilde"]
[Date "1996.11.07"]
[Round "3"]
[White "Asmund, Gert"]
[Black "Madsen, Hans Henrik"]
[Result "0-1"]
[WhiteElo "2008"]
[BlackElo "2085"]
[PlyCount "118"]
[EventDate "1996.??.??"]

1. e4 e5 2. Nf3 Nf6 3. Nxe5 d6 4. Nf3 Nxe4 5. Qe2 Qe7 6. d3 Nf6 7. Bg5 Be6 8.
Nc3 Nc6 9. O-O-O O-O-O 10. d4 d5 11. Ne5 Qe8 12. Qb5 Nxe5 13. dxe5 d4 14. exf6
dxc3 15. Rxd8+ Qxd8 16. Be2 cxb2+ 17. Qxb2 Qd5 18. Be3 Qxa2 19. Qxa2 Bxa2 20.
Kb2 Be6 21. Bxa7 gxf6 22. Bd4 Be7 23. Ra1 Rd8 24. c3 Bd5 25. Bg4+ Be6 26. Bf3
c5 27. Be3 Kc7 28. Ra7 Bd5 29. Bxd5 Rxd5 30. Kb3 Kc6 31. Ra4 f5 32. Ra8 Rd8 33.
Ra4 Bf6 34. Kc2 Rg8 35. g3 Rg4 36. Ra8 Rc4 37. Bd2 Kd5 38. Rb8 Kc6 39. Rf8 b5
40. Rxf7 Bxc3 41. Bxc3 b4 42. Rf6+ Kb5 43. Rxf5 Rxc3+ 44. Kb2 Rd3 45. h4 Kc4
46. g4 Rd2+ 47. Kc1 Rd4 48. f4 b3 49. g5 Kb4 50. h5 c4 51. g6 hxg6 52. hxg6 Kc3
53. Rb5 Rxf4 54. Kd1 Rg4 55. Rb6 Rg1+ 56. Ke2 Kc2 57. Kf2 Rg5 58. Kf3 b2 59.
Kf4 Rg1 0-1

[Event "Roskilde Domkirketurnering Mester 1996"]
[Site "Roskilde"]
[Date "1996.11.07"]
[Round "3"]
[White "Lynge, Michael"]
[Black "Christensen, Lasse"]
[Result "0-1"]
[WhiteElo "2127"]
[BlackElo "2248"]
[PlyCount "54"]
[EventDate "1996.??.??"]

1. d4 f5 2. h3 d5 3. g4 e6 4. g5 Bd6 5. Nc3 c5 6. Nf3 cxd4 7. Qxd4 Qd7 8. Nb5
Kf8 9. Nxd6 Qxd6 10. Bf4 Qb6 11. Qc3 Ne7 12. Be3 Qd8 13. Bd4 Rg8 14. Ne5 Nbc6
15. Nxc6 Nxc6 16. Bc5+ Kf7 17. h4 Qa5 18. b4 Qc7 19. Qf3 b6 20. Qh5+ g6 21.
Qxh7+ Rg7 22. Qh6 bxc5 23. h5 Qe5 24. Rc1 Qc3+ 25. Kd1 Qd4+ 26. Ke1 Qc3+ 27.
Kd1 Ne7 0-1

[Event "Roskilde Domkirketurnering Mester 1996"]
[Site "Roskilde"]
[Date "1996.11.07"]
[Round "3"]
[White "Molvig, Henrik"]
[Black "Brekka, Hanus"]
[Result "1-0"]
[WhiteElo "2201"]
[BlackElo "1977"]
[PlyCount "57"]
[EventDate "1996.??.??"]

1. d4 d5 2. c4 c6 3. Nf3 g6 4. Nc3 Nf6 5. Bf4 Bg7 6. cxd5 Nxd5 7. Be5 Nxc3 8.
bxc3 Bxe5 9. Nxe5 Nd7 10. Nxd7 Bxd7 11. Qd2 h5 12. e4 Qc7 13. Bc4 Be6 14. Bxe6
fxe6 15. Qg5 Rg8 16. O-O O-O-O 17. Rab1 Rg7 18. Rb2 b6 19. a4 Kb7 20. a5 Ra8
21. Ra1 Rb8 22. axb6 axb6 23. Rba2 Kc8 24. Qh6 Rg8 25. Qh7 Rf8 26. Qxg6 Qd6 27.
Qg7 Qd8 28. Qh6 Qd6 29. Qxf8+ 1-0

[Event "Roskilde Domkirketurnering Mester 1996"]
[Site "Roskilde"]
[Date "1996.11.07"]
[Round "3"]
[White "Pedersen, Jan Nordenbaek"]
[Black "Nielsen, Jorgen Lovgren"]
[Result "0-1"]
[WhiteElo "2229"]
[BlackElo "2117"]
[PlyCount "148"]
[EventDate "1996.??.??"]

1. e4 e5 2. Nf3 Nc6 3. Bc4 Nf6 4. d4 exd4 5. O-O Nxe4 6. Re1 d5 7. Bb5 Be7 8.
Nxd4 Bd7 9. Bxc6 bxc6 10. Nb3 O-O 11. Be3 Bd6 12. N1d2 Qh4 13. Nf1 f5 14. f3 f4
15. Bd4 Ng5 16. Nc5 Bf5 17. c3 Rab8 18. b4 a5 19. a3 h6 20. Qd2 Qh5 21. Qf2 Qg6
22. Kh1 Qf7 23. Nd2 Ra8 24. Ndb3 axb4 25. cxb4 Ne6 26. Nxe6 Bxe6 27. Qb2 Bd7
28. Re2 Rfe8 29. Rae1 Bf5 30. Rxe8+ Rxe8 31. Qc3 Rxe1+ 32. Qxe1 Bc2 33. Na5 Ba4
34. Kg1 Kf8 35. Kf2 Qh5 36. Kg1 Qf5 37. Qa1 Qf7 38. Qc3 Qd7 39. Nb7 Kg8 40. h3
Qe7 41. Kh2 Bb5 42. Na5 Qd7 43. Qc2 Qe8 44. Qc3 Qd7 45. Nb3 Ba4 46. Nc5 Bxc5
47. Qxc5 Bb5 48. Qa7 Qe7 49. a4 Bf1 50. Bf2 Qg5 51. g4 fxg3+ 52. Bxg3 Qf5 53.
Qf2 Qxh3+ 54. Kg1 Bc4 55. Bxc7 Qf5 56. Ba5 Qb1+ 57. Kh2 Qb3 58. Kg2 Qxa4 59.
Qc5 Bb5 60. Bc7 Qd1 61. Qe7 Qf1+ 62. Kg3 Qg1+ 63. Kf4 Qh2+ 64. Ke3 Qg1+ 65. Kf4
Qd4+ 66. Kf5 Bd3+ 67. Ke6 Qf6+ 68. Qxf6 gxf6 69. Kxf6 h5 70. f4 h4 71. f5 h3
72. Kg5 Kf7 73. Kg4 Bf1 74. Bb6 h2 0-1

[Event "Roskilde Domkirketurnering Mester 1996"]
[Site "Roskilde"]
[Date "1996.11.14"]
[Round "4"]
[White "Brekka, Hanus"]
[Black "Pedersen, Jan Nordenbaek"]
[Result "0-1"]
[WhiteElo "1977"]
[BlackElo "2229"]
[PlyCount "110"]
[EventDate "1996.??.??"]

1. e4 e5 2. Nf3 Nc6 3. Bc4 Nf6 4. Nc3 Nxe4 5. Nxe4 d5 6. Bxd5 Qxd5 7. Nc3 Qd8
8. d3 Be7 9. h3 O-O 10. O-O f5 11. Nh2 g5 12. Kh1 Kh8 13. Ne2 Be6 14. Ng3 Qd7
15. Bd2 b5 16. a3 a5 17. Bc3 b4 18. axb4 axb4 19. Rxa8 Rxa8 20. Bd2 Rg8 21. Re1
Qd4 22. Qe2 f4 23. c3 Qd5 24. Ngf1 Bxh3 25. Qf3 Be6 26. Qxd5 Bxd5 27. Ng4 e4
28. cxb4 Bxb4 29. Bxb4 Nxb4 30. dxe4 Nd3 31. Re2 Be6 32. Ngh2 Rb8 33. Rd2 Nxb2
34. Nf3 Nc4 35. Rd1 h6 36. Kg1 g4 37. Ne1 Ne5 38. Rc1 c6 39. Rc5 Rb5 40. Rxb5
cxb5 41. Nc2 Nd3 42. Nd2 Kg7 43. Kf1 Kf6 44. Ke2 Nc1+ 45. Kd1 Nb3 46. Nb1 Bc4
47. Nba3 Ke5 48. Nxc4+ bxc4 49. f3 gxf3 50. gxf3 Nd4 51. Na3 c3 52. Nc4+ Ke6
53. Nb6 h5 54. Nd5 c2+ 55. Kd2 Ke5 0-1

[Event "Roskilde Domkirketurnering Mester 1996"]
[Site "Roskilde"]
[Date "1996.11.14"]
[Round "4"]
[White "Christensen, Lasse"]
[Black "Nielsen, Jorgen Lovgren"]
[Result "1-0"]
[WhiteElo "2248"]
[BlackElo "2117"]
[PlyCount "113"]
[EventDate "1996.??.??"]

1. e4 e5 2. Nf3 Nc6 3. Bb5 Nf6 4. O-O Nxe4 5. d4 Be7 6. Qe2 Nd6 7. Bxc6 bxc6 8.
dxe5 Nb7 9. c4 O-O 10. Nc3 Nc5 11. Nd4 Ne6 12. Nxe6 fxe6 13. Be3 Ba6 14. Rfd1
Qe8 15. Ne4 Qg6 16. f3 Rfd8 17. Bc5 Qf7 18. Qc2 Qf8 19. Bxe7 Qxe7 20. Qa4 Bc8
21. c5 Rf8 22. Qa5 Qd8 23. Rd4 Rb8 24. b3 a6 25. Qd2 Rf5 26. f4 Qf8 27. Rf1 h6
28. g4 Rf7 29. g5 hxg5 30. Nxg5 Rf5 31. b4 Qe8 32. Qg2 a5 33. Ne4 Qe7 34. a3
axb4 35. axb4 Ra8 36. Rfd1 Kh7 37. Qh3+ Kg8 38. Ng5 Rxg5+ 39. fxg5 Qxg5+ 40.
Qg3 Qxg3+ 41. hxg3 Ra3 42. R1d3 Ra2 43. Rd2 Ra1+ 44. Kf2 Ba6 45. Rxd7 Bc4 46.
R2d4 Bd5 47. Rg4 Ra2+ 48. Ke3 Ra3+ 49. Kd2 Ra2+ 50. Kc3 Ra3+ 51. Kb2 Rb3+ 52.
Kc2 Re3 53. Rdxg7+ Kh8 54. R7g5 Be4+ 55. Kd2 Rd3+ 56. Ke2 Bh7 57. Rg8+ 1-0

[Event "Roskilde Domkirketurnering Mester 1996"]
[Site "Roskilde"]
[Date "1996.11.14"]
[Round "4"]
[White "Lynge, Michael"]
[Black "Asmund, Gert"]
[Result "1-0"]
[WhiteElo "2127"]
[BlackElo "2008"]
[PlyCount "81"]
[EventDate "1996.??.??"]

1. d4 Nf6 2. c4 e6 3. Nc3 Bb4 4. Qc2 O-O 5. a3 Bxc3+ 6. Qxc3 d6 7. Nf3 b6 8. b4
Bb7 9. Bb2 Ne4 10. Qc2 Nd7 11. e3 Ndf6 12. Bd3 c5 13. O-O Rc8 14. Nd2 d5 15.
Nxe4 dxe4 16. Be2 Ne8 17. dxc5 bxc5 18. bxc5 Qg5 19. Qa4 f5 20. Qxa7 Bc6 21.
Be5 Nf6 22. Qe7 Rfe8 23. Qd6 Kf7 24. Bf4 Qg6 25. Rfd1 e5 26. Bxe5 Red8 27. Qxd8
Rxd8 28. Rxd8 Nd7 29. Bd4 Ba4 30. Rb1 Qc6 31. Bh5+ g6 32. Be2 Nxc5 33. Rh8 Nd7
34. Rxh7+ Kg8 35. Rh8+ Kf7 36. c5 Bc2 37. Bc4+ Ke7 38. Rh7+ Ke8 39. Bb5 Qd5 40.
Bxd7+ Qxd7 41. Rb8+ 1-0

[Event "Roskilde Domkirketurnering Mester 1996"]
[Site "Roskilde"]
[Date "1996.11.14"]
[Round "4"]
[White "Madsen, Hans Henrik"]
[Black "Molvig, Henrik"]
[Result "1/2-1/2"]
[WhiteElo "2085"]
[BlackElo "2201"]
[PlyCount "110"]
[EventDate "1996.??.??"]

1. d4 Nf6 2. Bg5 Ne4 3. Bf4 c5 4. f3 Qa5+ 5. c3 Nf6 6. d5 Qb6 7. b3 e6 8. e4
exd5 9. exd5 Bd6 10. Be3 O-O 11. Kf2 Re8 12. Na3 a6 13. Qd2 Qd8 14. Nc4 Bf8 15.
a4 d6 16. Ne2 b5 17. Nb2 Nbd7 18. Ng3 Ne5 19. h3 Bd7 20. Be2 g6 21. Bg5 h6 22.
Be3 Bc8 23. axb5 Kh7 24. bxa6 Qb6 25. f4 Ned7 26. Nc4 Qc7 27. Ra3 Bxa6 28. Rha1
Bb7 29. Bf3 Bg7 30. Qd3 Nb6 31. Nxb6 Qxb6 32. Rxa8 Bxa8 33. Ra3 Qb7 34. c4 Qb4
35. Ra4 Qb6 36. b4 Nd7 37. b5 Bb7 38. Nf1 Bd4 39. Qd2 Ra8 40. Qa2 Bxe3+ 41.
Nxe3 Qd8 42. Rxa8 Qxa8 43. Qxa8 Bxa8 44. Bg4 Nb6 45. f5 Kg7 46. fxg6 fxg6 47.
Kf3 Nxc4 48. Nxc4 Bxd5+ 49. Ke3 Bxc4 50. b6 Ba6 51. Bf3 Kf6 52. b7 Bxb7 53.
Bxb7 Ke5 54. Be4 g5 55. g3 h5 1/2-1/2

[Event "Roskilde Domkirketurnering Mester 1996"]
[Site "Roskilde"]
[Date "1996.11.21"]
[Round "5"]
[White "Asmund, Gert"]
[Black "Christensen, Lasse"]
[Result "1/2-1/2"]
[WhiteElo "2008"]
[BlackElo "2248"]
[PlyCount "76"]
[EventDate "1996.??.??"]

1. e4 c5 2. f4 g6 3. Nf3 Bg7 4. Bc4 e6 5. Nc3 Ne7 6. d4 cxd4 7. Nxd4 a6 8. Be2
d5 9. Be3 dxe4 10. Nxe4 Nd5 11. Bf2 Nxf4 12. Bf3 f5 13. Nxf5 Qxd1+ 14. Rxd1
gxf5 15. Nd6+ Ke7 16. Nxc8+ Rxc8 17. Bxb7 Nd7 18. O-O Ne2+ 19. Kh1 Bxb2 20.
Rde1 Nc3 21. Bh4+ Kf7 22. g4 Rab8 23. Bxc8 Rxc8 24. gxf5 e5 25. Bg3 Nd5 26. Rb1
Rxc2 27. Rf2 Rxf2 28. Bxf2 Bc3 29. Rb7 Ke8 30. Ra7 a5 31. Ra8+ Ke7 32. Bh4+
N5f6 33. Ra6 e4 34. Kg2 Kd8 35. Rc6 Bb2 36. Ra6 Bc3 37. Rc6 Bb2 38. Ra6 Bc3
1/2-1/2

[Event "Roskilde Domkirketurnering Mester 1996"]
[Site "Roskilde"]
[Date "1996.11.21"]
[Round "5"]
[White "Nielsen, Jorgen Lovgren"]
[Black "Brekka, Hanus"]
[Result "1/2-1/2"]
[WhiteElo "2117"]
[BlackElo "1977"]
[PlyCount "82"]
[EventDate "1996.??.??"]

1. e4 d5 2. exd5 Qxd5 3. Nc3 Qa5 4. d4 c6 5. Nf3 Bg4 6. Be2 e6 7. O-O Nf6 8. h3
Bxf3 9. Bxf3 Be7 10. Re1 Nbd7 11. Bf4 O-O 12. a3 Qd8 13. Bg3 a6 14. b4 Nd5 15.
Ne4 b5 16. Qd3 N7b6 17. Nd2 a5 18. bxa5 Rxa5 19. c4 bxc4 20. Nxc4 Nxc4 21. Qxc4
Rxa3 22. Rxa3 Bxa3 23. Qxc6 Nf6 24. Be5 Be7 25. Ra1 Qd7 26. Qb6 Bd8 27. Qa6 Bc7
28. Bxf6 gxf6 29. Qb7 Qxd4 30. Rd1 Qb6 31. Qe4 Rd8 32. Rb1 Qd6 33. g3 Qe5 34.
Qg4+ Qg5 35. Rb7 Qxg4 36. Bxg4 Be5 37. Bh5 Rf8 38. Kg2 Kg7 39. f4 Bd6 40. Rd7
Bb8 41. Rb7 Bd6 1/2-1/2

[Event "Roskilde Domkirketurnering Mester 1996"]
[Site "Roskilde"]
[Date "1996.11.21"]
[Round "5"]
[White "Molvig, Henrik"]
[Black "Lynge, Michael"]
[Result "1-0"]
[WhiteElo "2201"]
[BlackElo "2127"]
[PlyCount "65"]
[EventDate "1996.??.??"]

1. d4 g6 2. c4 Bg7 3. Nc3 d6 4. Nf3 Bg4 5. g3 Bxf3 6. exf3 Nc6 7. d5 Nd4 8. Bh3
c5 9. Qa4+ Kf8 10. Bg2 a6 11. O-O b5 12. cxb5 axb5 13. Qd1 b4 14. Ne2 Ra7 15.
Be3 Nxe2+ 16. Qxe2 Qa8 17. a3 bxa3 18. Rxa3 Rxa3 19. bxa3 Qxa3 20. Rb1 Bf6 21.
g4 h6 22. f4 Qa4 23. Qd2 Kg7 24. h3 Ba1 25. Rb7 Qa6 26. Rd7 Qb5 27. Ra7 Qb1+
28. Kh2 Nf6 29. Rxe7 Ra8 30. g5 hxg5 31. fxg5 Nh5 32. Be4 Qf1 33. Bd3 1-0

[Event "Roskilde Domkirketurnering Mester 1996"]
[Site "Roskilde"]
[Date "1996.11.21"]
[Round "5"]
[White "Pedersen, Jan Nordenbaek"]
[Black "Madsen, Hans Henrik"]
[Result "1-0"]
[WhiteElo "2229"]
[BlackElo "2085"]
[PlyCount "34"]
[EventDate "1996.??.??"]

1. e4 e5 2. Nf3 Nf6 3. Nc3 Nc6 4. d4 exd4 5. Nxd4 Bb4 6. Nxc6 bxc6 7. Bd3 d5 8.
exd5 cxd5 9. O-O Bxc3 10. bxc3 Qd6 11. Re1+ Be6 12. Bg5 Nd7 13. f4 g6 14. f5
gxf5 15. Bxf5 h5 16. Rxe6+ Qxe6 17. Bxe6 fxe6 1-0

[Event "Roskilde Domkirketurnering Mester 1996"]
[Site "Roskilde"]
[Date "1996.11.28"]
[Round "6"]
[White "Asmund, Gert"]
[Black "Molvig, Henrik"]
[Result "0-1"]
[WhiteElo "2008"]
[BlackElo "2201"]
[PlyCount "70"]
[EventDate "1996.??.??"]

1. e4 c5 2. f4 d5 3. exd5 Qxd5 4. Nc3 Qd8 5. Nf3 Nf6 6. Bb5+ Bd7 7. Bxd7+ Nbxd7
8. O-O g6 9. d3 Bg7 10. Bd2 O-O 11. Ne4 Qc7 12. Rb1 c4 13. Qe2 cxd3 14. cxd3
Nd5 15. Rfc1 Qb6+ 16. Kh1 Rac8 17. Nc3 Nxc3 18. bxc3 Qa6 19. Qxe7 Qxd3 20. Rd1
Rfe8 21. Qb4 Nc5 22. Ne5 Qe2 23. Qb5 Qxb5 24. Rxb5 Bxe5 25. fxe5 Rxe5 26. Bf4
Re2 27. Bh6 Rce8 28. Kg1 b6 29. Ra1 Rc2 30. a4 Ree2 31. Rd1 Rxg2+ 32. Kf1 f5
33. Rd8+ Kf7 34. Ra8 Rcf2+ 35. Ke1 Nd3+ 0-1

[Event "Roskilde Domkirketurnering Mester 1996"]
[Site "Roskilde"]
[Date "1996.11.28"]
[Round "6"]
[White "Christensen, Lasse"]
[Black "Brekka, Hanus"]
[Result "1/2-1/2"]
[WhiteElo "2248"]
[BlackElo "1977"]
[PlyCount "91"]
[EventDate "1996.??.??"]

1. d4 e6 2. Nf3 d5 3. g3 Nf6 4. Bg2 Nbd7 5. O-O Be7 6. c4 O-O 7. b3 c6 8. Bb2
b6 9. Nfd2 Bb7 10. e4 dxe4 11. Nxe4 Qc7 12. Nbc3 Rad8 13. f4 Nxe4 14. Nxe4 f5
15. Nf2 Bf6 16. Qe2 Rfe8 17. Rad1 Nf8 18. Qc2 Rd7 19. Rd3 Red8 20. Rfd1 Rf7 21.
b4 Rfd7 22. Qb3 Kh8 23. a4 h6 24. c5 bxc5 25. dxc5 Bxb2 26. Qxb2 a6 27. Qc3 Ng6
28. Rxd7 Rxd7 29. Rxd7 Qxd7 30. Qd3 Qe8 31. h4 Ne7 32. Qd4 Nd5 33. Nd3 Qg6 34.
Kh2 Qf6 35. Ne5 Kh7 36. b5 axb5 37. axb5 cxb5 38. c6 Bc8 39. Bxd5 exd5 40. Qxd5
b4 41. Nd7 Qb2+ 42. Kh3 Qb1 43. h5 Qe4 44. Nf8+ Kh8 45. Ng6+ Kh7 46. Nf8+
1/2-1/2

[Event "Roskilde Domkirketurnering Mester 1996"]
[Site "Roskilde"]
[Date "1996.11.28"]
[Round "6"]
[White "Lynge, Michael"]
[Black "Pedersen, Jan Nordenbaek"]
[Result "0-1"]
[WhiteElo "2127"]
[BlackElo "2229"]
[PlyCount "60"]
[EventDate "1996.??.??"]

1. d4 Nf6 2. c4 g6 3. Nc3 Bg7 4. e4 d6 5. Nf3 O-O 6. Be2 e5 7. O-O Nc6 8. d5
Ne7 9. b4 Nh5 10. c5 Nf4 11. Bc4 h6 12. Re1 Bg4 13. h3 Bh5 14. Bf1 f5 15. exf5
Nxh3+ 16. gxh3 e4 17. Nxe4 Rxf5 18. Be2 Bxa1 19. Bxh6 Be5 20. Nxe5 Bxe2 21.
Qxe2 dxe5 22. d6 Nc6 23. Qg4 Kh8 24. Bg5 Qf8 25. Qh4+ Kg8 26. Nf6+ Kf7 27. dxc7
Nd4 28. Kh1 Nf3 29. Qc4+ Kg7 30. Qe6 Nxg5 0-1

[Event "Roskilde Domkirketurnering Mester 1996"]
[Site "Roskilde"]
[Date "1996.12.05"]
[Round "7"]
[White "Brekka, Hanus"]
[Black "Madsen, Hans Henrik"]
[Result "1-0"]
[WhiteElo "1977"]
[BlackElo "2085"]
[PlyCount "65"]
[EventDate "1996.??.??"]

1. Nc3 c5 2. e4 Nc6 3. Nf3 g6 4. g3 Bg7 5. Bg2 d6 6. O-O Bg4 7. h3 Bd7 8. d3
Qc8 9. Kh2 h5 10. Nh4 Bf6 11. f4 Bxh4 12. gxh4 e6 13. Be3 Nd4 14. Ne2 Nxe2 15.
Qxe2 Ne7 16. Qd2 Qc7 17. b4 Rc8 18. bxc5 dxc5 19. Qc3 Rg8 20. Kh1 b6 21. Qf6
Nc6 22. Qg5 Qd8 23. Qg3 Nd4 24. Rf2 Bc6 25. c3 Nb5 26. Bd2 Rc7 27. f5 Rd7 28.
fxe6 fxe6 29. Rf3 Nc7 30. Bg5 Qc8 31. Raf1 Rh7 32. Qd6 Rhh8 33. Qe7# 1-0

[Event "Roskilde Domkirketurnering Mester 1996"]
[Site "Roskilde"]
[Date "1996.12.05"]
[Round "7"]
[White "Nielsen, Jorgen Lovgren"]
[Black "Lynge, Michael"]
[Result "1-0"]
[WhiteElo "2117"]
[BlackElo "2127"]
[PlyCount "75"]
[EventDate "1996.??.??"]

1. e4 e6 2. d4 d5 3. Nd2 Nf6 4. e5 Nfd7 5. Bd3 c5 6. c3 Nc6 7. Ne2 Qb6 8. Nf3
cxd4 9. cxd4 f6 10. exf6 Nxf6 11. O-O Bd6 12. Nc3 Bd7 13. Be3 O-O 14. a3 Kh8
15. Ng5 g6 16. h4 Qd8 17. Nb5 Bb8 18. g3 a6 19. Nc3 Qe7 20. Re1 h6 21. Nh3 Kg7
22. Qd2 Ng4 23. Nxd5 exd5 24. Bxh6+ Nxh6 25. Rxe7+ Nxe7 26. Qb4 Nc6 27. Qxb7
Ra7 28. Qb6 Rf6 29. Ng5 Nf5 30. Bxf5 Bxf5 31. Rc1 Rc7 32. Rxc6 Rcxc6 33. Qxb8
Rc1+ 34. Kg2 Bd3 35. Qb7+ Kg8 36. Qh7+ Kf8 37. Qh8+ Ke7 38. Qg7+ 1-0

[Event "Roskilde Domkirketurnering Mester 1996"]
[Site "Roskilde"]
[Date "1996.12.05"]
[Round "7"]
[White "Molvig, Henrik"]
[Black "Christensen, Lasse"]
[Result "0-1"]
[WhiteElo "2201"]
[BlackElo "2248"]
[PlyCount "36"]
[EventDate "1996.??.??"]

1. d4 f5 2. g3 Nf6 3. Bg2 e6 4. Nf3 Be7 5. c4 O-O 6. O-O d6 7. Nc3 Qe8 8. Qc2
Qh5 9. b3 c6 10. Ba3 Nbd7 11. Rad1 Rb8 12. e3 g5 13. d5 exd5 14. cxd5 c5 15.
Qxf5 Ng4 16. Qe6+ Rf7 17. h3 Nde5 18. hxg4 Nxg4 0-1

[Event "Roskilde Domkirketurnering Mester 1996"]
[Site "Roskilde"]
[Date "1996.12.05"]
[Round "7"]
[White "Pedersen, Jan Nordenbaek"]
[Black "Asmund, Gert"]
[Result "1-0"]
[WhiteElo "2229"]
[BlackElo "2008"]
[PlyCount "67"]
[EventDate "1996.??.??"]

1. e4 c6 2. d4 d5 3. e5 Bf5 4. Nf3 e6 5. Be2 c5 6. Be3 Nc6 7. dxc5 Qc7 8. c3
Nge7 9. Qa4 Ng6 10. Na3 Ngxe5 11. Nb5 Nxf3+ 12. Bxf3 Qd7 13. O-O-O Be7 14. c4
O-O 15. cxd5 Ne5 16. d6 Bf6 17. Nc3 Qxa4 18. Nxa4 Nxf3 19. gxf3 Rfd8 20. Nc3
Rac8 21. Kd2 b6 22. cxb6 Rxd6+ 23. Ke2 Rxd1 24. Rxd1 axb6 25. Bxb6 Rb8 26. Rd6
Kf8 27. a4 Ke7 28. Rc6 Kd7 29. Rc7+ Kd8 30. a5 Rc8 31. a6 Be5 32. Rc5+ Kd7 33.
Rxe5 Bd3+ 34. Kxd3 1-0